[Event "Winter Pro-Am"]
[Site "Guelph CAN"]
[Date "2008.02.02"]
[Round "3"]
[White "Samsonkin, Artiom"]
[Black "Bailey, Doug"]
[Result "1-0"]
[WhiteElo "2455"]
[BlackElo "2311"]
[PlyCount "85"]
[EventDate "2008.02.02"]
[EventType "swiss"]
[EventRounds "5"]
[EventCountry "CAN"]

1. e4 c5 2. Nf3 d6 3. d4 cxd4 4. Nxd4 Nf6 5. Nc3 g6 6. Be2 Bg7 7. O-O O-O 8.
Bg5 Nc6 9. Nb3 a5 10. a4 Be6 11. f4 Bxb3 12. cxb3 Nb4 13. Bf3 Qb6+ 14. Kh1 e6
15. e5 Nfd5 16. Bxd5 exd5 17. Be7 d4 18. Ne4 Nd5 19. Bxf8 Rxf8 20. Nxd6 Bh6 21.
Nc4 Qc5 22. Qd2 Nb4 23. Rad1 d3 24. Qe3 Qd5 25. Qb6 Ra8 26. f5 Re8 27. fxg6
fxg6 28. Nd6 Rf8 29. Rxf8+ Bxf8 30. Qxb7 Qe6 31. Rf1 Be7 32. Nf7 Kg7 33. Qa8
Qxf7 34. Rxf7+ Kxf7 35. Qc8 Bg5 36. Qd7+ Be7 37. Kg1 Kf8 38. Kf1 h5 39. Ke1 Bg5
40. e6 Be7 41. Kd1 g5 42. Qc8+ Kg7 43. Qe8 1-0

[Event "Winter Pro-Am"]
[Site "Guelph CAN"]
[Date "2008.02.03"]
[Round "4"]
[White "Henry, Liam"]
[Black "Samsonkin, Artiom"]
[Result "0-1"]
[WhiteElo "2292"]
[BlackElo "2455"]
[PlyCount "62"]
[EventDate "2008.02.02"]
[EventType "swiss"]
[EventRounds "5"]
[EventCountry "CAN"]

1. e4 c5 2. Nf3 d6 3. d4 cxd4 4. Nxd4 Nf6 5. Nc3 Nc6 6. Bc4 Qb6 7. Ndb5 a6 8.
Be3 Qd8 9. Nd4 Ng4 10. Nxc6 bxc6 11. O-O Qc7 12. Bf4 e5 13. Bg3 Be7 14. h3 Nf6
15. Bh4 O-O 16. Qd3 Nh5 17. Bxe7 Qxe7 18. Ne2 Rd8 19. Rad1 Nf6 20. Nc3 Be6 21.
Bxa6 d5 22. exd5 cxd5 23. Bb5 d4 24. Na4 Nd5 25. g3 Bxh3 26. Rfe1 Qb7 27. Nc5
Qb6 28. Nb3 Nb4 29. Qe2 Nxc2 30. Qxc2 Qxb5 31. Qc5 Qb7 0-1

[Event "Winter Pro-Am"]
[Site "Guelph CAN"]
[Date "2008.02.03"]
[Round "5"]
[White "Samsonkin, Artiom"]
[Black "Sambuev, Bator"]
[Result "0-1"]
[WhiteElo "2455"]
[BlackElo "2528"]
[PlyCount "72"]
[EventDate "2008.02.02"]
[EventType "swiss"]
[EventRounds "5"]
[EventCountry "CAN"]

1. e4 e6 2. d4 d5 3. e5 c5 4. c3 Nc6 5. Nf3 Qb6 6. a3 Nh6 7. b4 cxd4 8. cxd4
Nf5 9. Be3 Bd7 10. Nc3 Nxe3 11. fxe3 Nxb4 12. Rb1 Qc7 13. Nb5 Bxb5 14. Bxb5+
Nc6 15. O-O Be7 16. Qa4 O-O 17. Rfc1 Rfc8 18. Bxc6 bxc6 19. Qa6 Rab8 20. Rxb8
Qxb8 21. Rxc6 Rxc6 22. Qxc6 Bxa3 23. Qa6 Bc1 24. Kf2 h6 25. Qc6 Ba3 26. e4 dxe4
27. Qxe4 a5 28. Qc6 Bf8 29. d5 exd5 30. Qxd5 a4 31. Qa2 a3 32. Ke2 Qb5+ 33. Kd2
Bb4+ 34. Kc2 Qc6+ 35. Kb1 Qe4+ 36. Kc1 Qd3 0-1

[Event "Toronto Closed"]
[Site "Toronto CAN"]
[Date "2008.01.22"]
[Round "1"]
[White "Samsonkin, Artiom"]
[Black "Plotkin, Victor"]
[Result "1/2-1/2"]
[WhiteElo "2479"]
[BlackElo "2310"]
[PlyCount "102"]
[EventDate "2008.01.22"]
[EventType "tourn"]
[EventRounds "9"]
[EventCountry "CAN"]

1. d4 d5 2. Nf3 Nf6 3. c4 e6 4. Nc3 c5 5. Bg5 cxd4 6. Nxd4 Be7 7. e3 O-O 8.
cxd5 Nxd5 9. Bxe7 Nxe7 10. Bd3 Nbc6 11. Nxc6 Nxc6 12. O-O e5 13. Qb1 Qh4 14. g3
Qh5 15. Be2 Bg4 16. f3 Be6 17. Qe1 Rad8 18. Ne4 Kh8 19. Qc3 f5 20. Nc5 Bc8 21.
Rad1 f4 22. Rxd8 Rxd8 23. Rd1 Rxd1+ 24. Bxd1 Qg5 25. Ne4 Qd8 26. Bb3 fxe3 27.
Qxe3 Qd4 28. Qxd4 Nxd4 29. Nd6 Nxb3 30. axb3 Be6 31. Nxb7 Bxb3 32. Kf2 Kg8 33.
Nc5 Bc2 34. Nd7 e4 35. f4 Kf7 36. Nc5 Kf6 37. g4 h5 38. h3 hxg4 39. hxg4 g5 40.
Ke3 gxf4+ 41. Kxf4 e3 42. Kxe3 Kg5 43. Kd4 Kxg4 44. b4 Kf5 45. Kd5 Bd1 46. Kd6
Kf4 47. Ne6+ Ke4 48. Kc5 Kd3 49. Nd4 Ba4 50. Nf5 Kc3 51. Nd6 Bd7 1/2-1/2

[Event "Toronto Closed"]
[Site "Toronto CAN"]
[Date "2008.01.29"]
[Round "2"]
[White "Kimelman, Michael"]
[Black "Samsonkin, Artiom"]
[Result "0-1"]
[WhiteElo "2273"]
[BlackElo "2479"]
[PlyCount "70"]
[EventDate "2008.01.22"]
[EventType "tourn"]
[EventRounds "9"]
[EventCountry "CAN"]

1. e4 c5 2. Nf3 Nc6 3. d4 cxd4 4. Nxd4 Nf6 5. Nc3 d6 6. Be2 e5 7. Nb3 Be7 8.
Be3 O-O 9. Qd2 Be6 10. Rd1 a5 11. O-O a4 12. Nc1 a3 13. b3 Rc8 14. f4 exf4 15.
Bxf4 Ne5 16. Nb5 Ng6 17. Nxd6 Bxd6 18. Qxd6 Nxf4 19. Qxf4 Qb6+ 20. Kh1 Rxc2 21.
e5 Nd5 22. Qe4 Rc5 23. Bd3 g6 24. Ne2 Rcc8 25. Bc4 Ne3 26. Rd6 Rc6 27. Rxc6
bxc6 28. Rf6 Nxc4 29. bxc4 Qb2 30. h3 Qxa2 31. Nd4 Qb2 32. Nxe6 a2 33. Kh2 a1=Q
34. Nf4 Qxe5 35. Qxc6 Qxf6 0-1

[Event "Toronto Closed"]
[Site "Toronto CAN"]
[Date "2008.02.05"]
[Round "3"]
[White "Samsonkin, Artiom"]
[Black "Yuan, Yuanling"]
[Result "1-0"]
[WhiteElo "2479"]
[BlackElo "2170"]
[PlyCount "61"]
[EventDate "2008.01.22"]
[EventType "tourn"]
[EventRounds "9"]
[EventCountry "CAN"]

1. e4 c5 2. Nf3 d6 3. d4 cxd4 4. Nxd4 Nf6 5. Nc3 g6 6. Be2 Bg7 7. O-O O-O 8.
Bg5 Nc6 9. Nb3 Be6 10. Kh1 a6 11. f4 Na5 12. Qe1 Nxb3 13. axb3 Qb6 14. Rd1 Qc5
15. Bf3 Rab8 16. Rf2 Rfe8 17. Re2 Kf8 18. e5 dxe5 19. fxe5 Nd7 20. Nd5 Rbd8 21.
b4 Qc8 22. Qh4 Bxd5 23. Bxd5 Nb6 24. Qxh7 Rxd5 25. Rxd5 Qf5 26. h4 Nxd5 27. Bh6
e6 28. Qxg7+ Ke7 29. Rd2 b5 30. Kg1 Rc8 31. Rf2 1-0

[Event "Toronto Closed"]
[Site "Toronto CAN"]
[Date "2008.03.19"]
[Round "4"]
[White "Noritsyn, Nikolay"]
[Black "Samsonkin, Artiom"]
[Result "1-0"]
[WhiteElo "2470"]
[BlackElo "2479"]
[PlyCount "59"]
[EventDate "2008.01.22"]
[EventType "tourn"]
[EventRounds "9"]
[EventCountry "CAN"]

1. d4 Nf6 2. Nf3 g6 3. Nc3 d5 4. Bf4 Bg7 5. Qd2 c6 6. e3 Nbd7 7. Bd3 O-O 8. O-O
Nh5 9. Bg5 h6 10. Bh4 g5 11. Bg3 f5 12. Be5 Nxe5 13. Nxe5 Qd6 14. f4 e6 15. g4
fxg4 16. fxg5 hxg5 17. Rxf8+ Qxf8 18. Rf1 Nf6 19. e4 Qe8 20. exd5 exd5 21. Bg6
Qd8 22. Bf7+ Kf8 23. Qxg5 g3 24. Qxg3 Bd7 25. Ne2 Be8 26. Bxe8 Qxe8 27. Qg5 Qd8
28. Nf4 Kg8 29. Qxg7+ Kxg7 30. Ne6+ 1-0

[Event "Toronto Closed"]
[Site "Toronto CAN"]
[Date "2008.03.03"]
[Round "5"]
[White "Samsonkin, Artiom"]
[Black "Barron, Michael"]
[Result "0-1"]
[WhiteElo "2479"]
[BlackElo "2351"]
[PlyCount "48"]
[EventDate "2008.01.22"]
[EventType "tourn"]
[EventRounds "9"]
[EventCountry "CAN"]

1. d4 f5 2. e4 fxe4 3. Nc3 Nf6 4. Bg5 Nc6 5. f3 d5 6. fxe4 Nxe4 7. Nxe4 dxe4 8.
d5 Ne5 9. Qd4 Nf7 10. Bf4 e6 11. Bb5+ c6 12. Bc4 exd5 13. Bb3 Qf6 14. Ne2 Qxd4
15. Nxd4 Bd6 16. O-O Bxf4 17. Rxf4 Nd6 18. Rd1 Bd7 19. c4 dxc4 20. Bc2 O-O-O
21. Ne2 Bf5 22. Nd4 g6 23. g4 Bd7 24. Nf3 Bxg4 0-1

[Event "Toronto Closed"]
[Site "Toronto CAN"]
[Date "2008.02.26"]
[Round "6"]
[White "Starr (Shterenberg), Nava"]
[Black "Samsonkin, Artiom"]
[Result "0-1"]
[WhiteElo "2135"]
[BlackElo "2479"]
[PlyCount "44"]
[EventDate "2008.01.22"]
[EventType "tourn"]
[EventRounds "9"]
[EventCountry "CAN"]

1. e4 c5 2. Nc3 e6 3. f4 Nc6 4. Nf3 a6 5. g3 d5 6. d3 dxe4 7. dxe4 Qxd1+ 8.
Nxd1 Nb4 9. Ne3 Nf6 10. c3 Nc6 11. e5 Nd5 12. Bg2 Be7 13. O-O O-O 14. Rd1 Rd8
15. Ne1 Nxe3 16. Rxd8+ Nxd8 17. Bxe3 Rb8 18. Rd1 b6 19. Nc2 Bb7 20. Bxb7 Rxb7
21. Na3 b5 22. Bxc5 Bxc5+ 0-1

[Event "Toronto Closed"]
[Site "Toronto CAN"]
[Date "2008.03.04"]
[Round "7"]
[White "Samsonkin, Artiom"]
[Black "Casareno, Erwin"]
[Result "1-0"]
[WhiteElo "2479"]
[BlackElo "2218"]
[PlyCount "81"]
[EventDate "2008.01.22"]
[EventType "tourn"]
[EventRounds "9"]
[EventCountry "CAN"]

1. e4 c5 2. Nf3 d6 3. d4 cxd4 4. Nxd4 Nf6 5. Nc3 g6 6. Be2 Bg7 7. O-O O-O 8.
Bg5 Nc6 9. Nb3 Be6 10. Kh1 Rc8 11. f4 Na5 12. e5 Nxb3 13. axb3 dxe5 14. fxe5
Nd7 15. Rxa7 Qb6 16. Ra1 Rfe8 17. Bb5 Rcd8 18. Qe2 h6 19. Bh4 g5 20. Bg3 Rf8
21. Rad1 Qc5 22. Ne4 Qc8 23. Bd3 Rfe8 24. Nc3 Nc5 25. Bc4 Rxd1 26. Qxd1 Bf5 27.
Qh5 Rf8 28. Nd5 Bg4 29. Nxe7+ Kh8 30. Nxc8 Bxh5 31. Nd6 Kg8 32. b4 Ne6 33. Nxb7
Rb8 34. Bd5 Nf4 35. Bxf4 gxf4 36. Rxf4 Re8 37. Re4 Bg6 38. Re2 Bxe5 39. c4 Kf8
40. Nc5 Bxb2 41. Nd7+ 1-0

[Event "Toronto Closed"]
[Site "Toronto CAN"]
[Date "2008.03.11"]
[Round "8"]
[White "Sapozhnikov, Roman"]
[Black "Samsonkin, Artiom"]
[Result "1/2-1/2"]
[WhiteElo "2184"]
[BlackElo "2479"]
[PlyCount "78"]
[EventDate "2008.01.22"]
[EventType "tourn"]
[EventRounds "9"]
[EventCountry "CAN"]

1. Nf3 Nf6 2. c4 g6 3. Nc3 Bg7 4. d4 O-O 5. e4 d6 6. Be2 Na6 7. Bf4 Nh5 8. Bg5
h6 9. Be3 e5 10. Qd2 Kh7 11. O-O Nf6 12. dxe5 dxe5 13. Qxd8 Rxd8 14. h3 c6 15.
Rfd1 Re8 16. c5 Bf8 17. Bc4 Kg7 18. Bxa6 bxa6 19. b4 Rb8 20. Rab1 Rb7 21. a3
Rd7 22. Rxd7 Bxd7 23. Rd1 Bc8 24. Rd2 Nd7 25. g4 f6 26. Rd1 Nb8 27. Ne1 Be6 28.
f4 exf4 29. Bxf4 Nd7 30. Nf3 Kf7 31. Bd6 Bg7 32. Ne2 Bb3 33. Rd2 Rxe4 34. Nfd4
Bd5 35. Nc3 Re8 36. Nxd5 cxd5 37. Nc6 Ke6 38. Nd4+ Kf7 39. Nc6 Ke6 1/2-1/2

[Event "Toronto Closed"]
[Site "Toronto CAN"]
[Date "2008.03.18"]
[Round "9"]
[White "Samsonkin, Artiom"]
[Black "Barron, Irina"]
[Result "1-0"]
[WhiteElo "2479"]
[BlackElo "2083"]
[PlyCount "63"]
[EventDate "2008.01.22"]
[EventType "tourn"]
[EventRounds "9"]
[EventCountry "CAN"]

1. e4 c5 2. Nf3 Nc6 3. d4 cxd4 4. Nxd4 Nf6 5. Nc3 d6 6. Bg5 e6 7. Qd2 a6 8.
O-O-O Bd7 9. f4 b5 10. Bxf6 gxf6 11. f5 h5 12. Kb1 Qb6 13. Nce2 O-O-O 14. fxe6
fxe6 15. Nxc6 Qxc6 16. Nd4 Qxe4 17. Re1 Qd5 18. c4 Bh6 19. cxd5 Bxd2 20. Rd1 e5
21. Rxd2 exd4 22. Rxd4 Bf5+ 23. Bd3 Bxd3+ 24. Rxd3 Kd7 25. Rf1 Rdf8 26. Ra3
Rhg8 27. Rxa6 f5 28. Ra7+ Kc8 29. g3 Kb8 30. Ra5 f4 31. Rxb5+ Kc7 32. Rc1+ 1-0

[Event "Fall 50 50 Pro-Am"]
[Site "Guelph CAN"]
[Date "2007.11.03"]
[Round "1"]
[White "Samsonkin, Artiom"]
[Black "Martchenko, Alexander"]
[Result "1-0"]
[WhiteElo "2448"]
[BlackElo "2155"]
[PlyCount "70"]
[EventDate "2007.11.03"]
[EventType "swiss"]
[EventRounds "5"]
[EventCountry "CAN"]

1. e4 c5 2. Nf3 Nc6 3. d4 cxd4 4. Nxd4 Nf6 5. Nc3 e5 6. Ndb5 d6 7. Nd5 Nxd5 8.
exd5 Nb8 9. a4 a6 10. Na3 Be7 11. Be2 O-O 12. O-O Nd7 13. Nc4 f5 14. a5 b5 15.
axb6 Nxb6 16. Na5 Bd7 17. c4 Bf6 18. b4 Rc8 19. c5 e4 20. Ra2 dxc5 21. bxc5
Rxc5 22. Nb7 Rxc1 23. Qxc1 Qb8 24. Nc5 Be5 25. g3 Qd6 26. Rxa6 Rc8 27. Rxb6
Qxc5 28. Qxc5 Rxc5 29. Rb7 Bc8 30. Rb5 Rc2 31. Bd1 Rd2 32. Bb3 Kf8 33. Rc1 Ba6
34. Rb6 Be2 35. Rb7 f4 1-0

[Event "Fall 50 50 Pro-Am"]
[Site "Guelph CAN"]
[Date "2007.11.03"]
[Round "2"]
[White "Inigo, Aquino"]
[Black "Samsonkin, Artiom"]
[Result "0-1"]
[WhiteElo "2042"]
[BlackElo "2448"]
[PlyCount "48"]
[EventDate "2007.11.03"]
[EventType "swiss"]
[EventRounds "5"]
[EventCountry "CAN"]

1. d4 Nf6 2. c4 g6 3. Nc3 Bg7 4. e4 d6 5. f3 Nc6 6. Be3 a6 7. Qd2 O-O 8. Bd3 e5
9. d5 Nd4 10. Nge2 Nd7 11. Bb1 c5 12. dxc6 bxc6 13. Nxd4 exd4 14. Bxd4 Ne5 15.
Bxe5 Bxe5 16. Bc2 Rb8 17. Bb3 Qh4+ 18. Qf2 Qf6 19. Qc2 Bd4 20. O-O-O Be6 21.
Rhf1 a5 22. Qd2 c5 23. Nd5 Bxd5 24. cxd5 a4 0-1

[Event "Fall 50 50 Pro-Am"]
[Site "Guelph CAN"]
[Date "2007.11.03"]
[Round "3"]
[White "Samsonkin, Artiom"]
[Black "Egorov, Mikhail"]
[Result "1-0"]
[WhiteElo "2448"]
[BlackElo "2028"]
[PlyCount "49"]
[EventDate "2007.11.03"]
[EventType "swiss"]
[EventRounds "5"]
[EventCountry "CAN"]

1. e4 c5 2. Nf3 Nc6 3. d4 cxd4 4. Nxd4 Nf6 5. Nc3 e5 6. Ndb5 d6 7. Nd5 Nxd5 8.
exd5 Nb8 9. a4 Be7 10. Be2 O-O 11. O-O Nd7 12. Kh1 f5 13. f4 a6 14. Na3 exf4
15. Bxf4 Ne5 16. Nc4 Nxc4 17. Bxc4 Bf6 18. c3 Qc7 19. Qb3 b6 20. Qb4 Rd8 21.
Rae1 Qc5 22. Qb3 Rb8 23. Bd3 b5 24. axb5 Bb7 25. Be3 1-0

[Event "Fall 50 50 Pro-Am"]
[Site "Guelph CAN"]
[Date "2007.11.03"]
[Round "4"]
[White "Ochkoos, Jura"]
[Black "Samsonkin, Artiom"]
[Result "0-1"]
[WhiteElo "2362"]
[BlackElo "2448"]
[PlyCount "54"]
[EventDate "2007.11.03"]
[EventType "swiss"]
[EventRounds "5"]
[EventCountry "CAN"]

1. e4 c5 2. Nf3 Nc6 3. d4 cxd4 4. Nxd4 g6 5. Nc3 Bg7 6. Be3 Nf6 7. Nxc6 bxc6 8.
e5 Ng8 9. f4 Nh6 10. Qd2 O-O 11. Na4 d6 12. exd6 exd6 13. O-O-O Bg4 14. Re1 Be6
15. Ba6 c5 16. h3 Rb8 17. c4 Rb4 18. b3 Nf5 19. Nxc5 Qf6 20. Nxe6 Qa1+ 21. Kc2
Qxa2+ 22. Kd1 Qxb3+ 23. Ke2 fxe6 24. Rb1 Qxb1 25. Rxb1 Rxb1 26. Qa5 Rb2+ 27.
Bd2 Nd4+ 0-1

[Event "Fall 50 50 Pro-Am"]
[Site "Guelph CAN"]
[Date "2007.11.04"]
[Round "5"]
[White "Samsonkin, Artiom"]
[Black "Sapozhnikov, Roman"]
[Result "1/2-1/2"]
[WhiteElo "2448"]
[BlackElo "2207"]
[PlyCount "29"]
[EventDate "2007.11.03"]
[EventType "swiss"]
[EventRounds "5"]
[EventCountry "CAN"]

1. e4 c5 2. Nf3 d6 3. c3 Nf6 4. Bd3 b6 5. O-O Bb7 6. Qe2 e6 7. Bc2 Be7 8. d4
cxd4 9. cxd4 Ba6 10. Bd3 Bxd3 11. Qxd3 d5 12. e5 Ne4 13. Nbd2 Nxd2 14. Bxd2 Nc6
15. Rac1 1/2-1/2

[Event "CAN-ch playoff"]
[Site "Kitchener CAN"]
[Date "2007.08.06"]
[Round "1"]
[White "Livshits, Ron"]
[Black "Samsonkin, Artiom"]
[Result "1/2-1/2"]
[WhiteElo "2316"]
[BlackElo "2358"]
[PlyCount "39"]
[EventDate "2007.08.06"]
[EventType "match"]
[EventRounds "12"]
[EventCountry "CAN"]

1. c4 Nf6 2. Nc3 g6 3. g3 Bg7 4. Bg2 d6 5. e3 O-O 6. Nge2 e5 7. O-O a5 8. d3 c6
9. a3 Be6 10. Qb3 Qc8 11. Rd1 Nbd7 12. d4 b5 13. d5 bxc4 14. Qxc4 cxd5 15. Qxc8
Rfxc8 16. Nxd5 Nxd5 17. Bxd5 Bxd5 18. Rxd5 Rc2 19. Nc3 Nc5 20. Rd2 1/2-1/2

[Event "CAN-ch playoff"]
[Site "Kitchener CAN"]
[Date "2007.08.06"]
[Round "2"]
[White "Samsonkin, Artiom"]
[Black "Livshits, Ron"]
[Result "1-0"]
[WhiteElo "2358"]
[BlackElo "2316"]
[PlyCount "81"]
[EventDate "2007.08.06"]
[EventType "match"]
[EventRounds "12"]
[EventCountry "CAN"]

1. e4 c6 2. d4 d5 3. Nc3 dxe4 4. Nxe4 Nd7 5. Bc4 Ngf6 6. Ng5 e6 7. Qe2 Nb6 8.
Bd3 h6 9. N5f3 c5 10. dxc5 Bxc5 11. Ne5 Qc7 12. Ngf3 Bb4+ 13. c3 Bxc3+ 14. bxc3
Qxc3+ 15. Qd2 Qxa1 16. O-O Nfd5 17. Bb2 Qxa2 18. Bb5+ Bd7 19. Nxd7 Nxd7 20. Nd4
a6 21. Be2 Qa4 22. Nf5 exf5 23. Qxd5 Qe4 24. Qd2 O-O 25. Bf3 Qa4 26. Ra1 Qb5
27. Ra5 Qb6 28. Rxf5 Rac8 29. h3 Rc5 30. Bd5 Rb5 31. Bc3 Qg6 32. Rf3 Rc5 33.
Rg3 Qb1+ 34. Kh2 Rxc3 35. Qxc3 Qh7 36. Be4 f5 37. Bxb7 f4 38. Rg4 a5 39. Be4
Qh8 40. Bd5+ Rf7 41. Rxf4 1-0

[Event "CAN-ch playoff"]
[Site "Kitchener CAN"]
[Date "2007.08.06"]
[Round "11"]
[White "Samsonkin, Artiom"]
[Black "Noritsyn, Nikolay"]
[Result "0-1"]
[WhiteElo "2358"]
[BlackElo "2336"]
[PlyCount "123"]
[EventDate "2007.08.06"]
[EventType "match"]
[EventRounds "12"]
[EventCountry "CAN"]

1. e4 c5 2. Nf3 Nc6 3. d4 cxd4 4. Nxd4 g6 5. c4 Bg7 6. Be3 Qb6 7. Nb5 Qa5+ 8.
Bd2 Qd8 9. Bc3 Nf6 10. Nd2 O-O 11. Bd3 d6 12. O-O a6 13. Na3 Bd7 14. Qe2 Qb6
15. Nc2 Rfe8 16. Kh1 Ne5 17. Ne3 Nxd3 18. Qxd3 Rac8 19. Rac1 Bc6 20. Nd5 Bxd5
21. exd5 Nd7 22. Bxg7 Kxg7 23. Qc3+ Kg8 24. f4 Nf6 25. Qd3 Qa5 26. a3 b5 27. b4
bxc4 28. Rxc4 Qxd5 29. Rd4 Qb5 30. Qb3 Qe2 31. Kg1 Ng4 32. Rd3 Ne3 33. Rxe3
Qxd2 34. f5 Rc1 35. Ref3 Qd4+ 36. Kh1 Rxf1+ 37. Rxf1 gxf5 38. h3 e6 39. Rd1 Qe5
40. Qd3 a5 41. bxa5 d5 42. a6 Ra8 43. Qd2 f4 44. Rf1 Rxa6 45. Rxf4 Rxa3 46. Rf1
Ra1 47. Rxa1 Qxa1+ 48. Kh2 Qe5+ 49. Kh1 d4 50. Qb2 h5 51. Qd2 Kg7 52. Qd3 h4
53. Qc4 Qe1+ 54. Kh2 Qg3+ 55. Kh1 d3 56. Qc3+ Kh7 57. Qf6 Kg8 58. Qd8+ Kg7 59.
Qd4+ e5 60. Qd8 Qe3 61. Qxh4 Qc1+ 62. Kh2 0-1

[Event "CAN-ch playoff"]
[Site "Kitchener CAN"]
[Date "2007.08.06"]
[Round "12"]
[White "Noritsyn, Nikolay"]
[Black "Samsonkin, Artiom"]
[Result "1/2-1/2"]
[WhiteElo "2336"]
[BlackElo "2358"]
[PlyCount "90"]
[EventDate "2007.08.06"]
[EventType "match"]
[EventRounds "12"]
[EventCountry "CAN"]

1. e4 c5 2. Na3 d6 3. c3 Nf6 4. g3 b6 5. Bg2 Bb7 6. Qe2 Nbd7 7. Nh3 a6 8. O-O
Qc7 9. f4 e6 10. d3 Be7 11. Nc2 h6 12. Bd2 b5 13. a3 Nb6 14. Rae1 O-O-O 15. b3
Kb8 16. Ra1 Bc6 17. Nf2 Qb7 18. Rfb1 e5 19. c4 Kc7 20. Ne3 Nfd7 21. f5 g6 22.
fxg6 fxg6 23. Nd5+ Bxd5 24. exd5 Rdf8 25. cxb5 axb5 26. a4 b4 27. a5 Nxd5 28.
a6 Qc6 29. Rc1 Bg5 30. Bxg5 hxg5 31. Ne4 N7b6 32. a7 Rf5 33. Ra5 Kb7 34. Nxc5+
dxc5 35. Rcxc5 Qf6 36. Bxd5+ Nxd5 37. Rxd5 e4 38. Rab5+ Ka8 39. Rd8+ Rxd8 40.
Qxe4+ Rfd5 41. Rxd5 Qa1+ 42. Kg2 Qa2+ 43. Kg1 Rxd5 44. Qxd5+ Kxa7 45. Qd4+ Kb7
1/2-1/2

[Event "CAN-ch"]
[Site "Kitchener CAN"]
[Date "2007.08.01"]
[Round "1"]
[White "Barron, Michael"]
[Black "Samsonkin, Artiom"]
[Result "0-1"]
[WhiteElo "2228"]
[BlackElo "2358"]
[PlyCount "114"]
[EventDate "2007.08.01"]
[EventType "swiss"]
[EventRounds "9"]
[EventCountry "CAN"]

1. e4 e6 2. d4 d5 3. Nd2 c5 4. exd5 exd5 5. Ngf3 Nc6 6. Bb5 cxd4 7. Nxd4 Bd7 8.
N2f3 Bd6 9. O-O Nge7 10. c3 O-O 11. Bd3 Nxd4 12. Nxd4 Qc7 13. g3 a6 14. Bc2
Rfe8 15. Qd3 g6 16. Bg5 Nc6 17. Nxc6 Bxc6 18. Rfe1 Bc5 19. Be3 Bxe3 20. Rxe3
Rxe3 21. Qxe3 Re8 22. Qd2 Qe5 23. Bb3 Qe4 24. Bc2 Qf3 25. Bd1 Qf5 26. f3 Qe5
27. Kf2 d4 28. cxd4 Rd8 29. Qe3 Qf6 30. Qe5 Qxe5 31. dxe5 Rd2+ 32. Ke3 Rxb2 33.
h4 Rg2 34. Kf4 Rg1 35. Rb1 Rf1 36. Ke3 Bxf3 37. Bc2 Rxb1 38. Bxb1 Bc6 39. Kd4
Kf8 40. Kc5 Ke7 41. Bd3 Ke6 42. Bxa6 Kxe5 43. Kb6 Bd5 44. Bxb7 Bxa2 45. Kc5 f5
46. Bf3 f4 47. gxf4+ Kxf4 48. Bd1 Kg3 49. h5 g5 50. h6 Kf4 51. Bc2 Bg8 52. Kd6
g4 53. Ke7 g3 54. Kf8 g2 55. Kxg8 g1=Q+ 56. Kxh7 Kg5 57. Kg7 Qa7+ 0-1

[Event "CAN-ch"]
[Site "Kitchener CAN"]
[Date "2007.08.01"]
[Round "1"]
[White "Samsonkin, Artiom"]
[Black "Milicevic, Goran"]
[Result "1-0"]
[WhiteElo "2358"]
[BlackElo "2302"]
[PlyCount "55"]
[EventDate "2007.08.01"]
[EventType "swiss"]
[EventRounds "9"]
[EventCountry "CAN"]

1. e4 e6 2. d4 d5 3. e5 c5 4. c3 Nc6 5. Nf3 Qc7 6. Bd3 f6 7. O-O fxe5 8. dxe5
c4 9. Bc2 Bc5 10. Bf4 Qf7 11. Bg3 h6 12. b3 cxb3 13. axb3 Nge7 14. Na3 Nf5 15.
Nb5 O-O 16. b4 Bb6 17. Nd6 Nxd6 18. exd6 e5 19. b5 e4 20. bxc6 Bg4 21. cxb7
Qxb7 22. Bb3 Rf5 23. h3 Bh5 24. Qc2 Rxf3 25. gxf3 Bxf3 26. Rad1 Kh8 27. Bxd5
Qd7 28. Bxe4 1-0

[Event "CAN-ch"]
[Site "Kitchener CAN"]
[Date "2007.08.02"]
[Round "3"]
[White "Hamilton, Robert"]
[Black "Samsonkin, Artiom"]
[Result "0-1"]
[WhiteElo "2287"]
[BlackElo "2358"]
[PlyCount "54"]
[EventDate "2007.08.01"]
[EventType "swiss"]
[EventRounds "9"]
[EventCountry "CAN"]

1. d4 Nf6 2. c4 g6 3. Nc3 Bg7 4. e4 d6 5. f3 Nc6 6. Be3 O-O 7. Nge2 a6 8. Qd2
Rb8 9. Nd5 Bd7 10. Bh6 Bxh6 11. Qxh6 e6 12. Nxf6+ Qxf6 13. Rd1 b5 14. cxb5 axb5
15. Qd2 Ra8 16. Nc1 Rfb8 17. f4 Ra4 18. Nb3 e5 19. dxe5 Rxe4+ 20. Be2 Qh4+ 21.
g3 Qh5 22. Kf2 Rxe2+ 23. Qxe2 Bg4 24. Qd2 dxe5 25. Rc1 exf4 26. Rc5 fxg3+ 27.
Ke3 Qh6+ 0-1

[Event "CAN-ch"]
[Site "Kitchener CAN"]
[Date "2007.08.03"]
[Round "4"]
[White "Samsonkin, Artiom"]
[Black "Noritsyn, Nikolay"]
[Result "0-1"]
[WhiteElo "2358"]
[BlackElo "2336"]
[PlyCount "106"]
[EventDate "2007.08.01"]
[EventType "swiss"]
[EventRounds "9"]
[EventCountry "CAN"]

1. e4 c5 2. Nf3 Nc6 3. c3 d5 4. exd5 Qxd5 5. d4 Bg4 6. Be2 cxd4 7. cxd4 e6 8.
Nc3 Qd6 9. h3 Bh5 10. O-O Nf6 11. Be3 Be7 12. Ne5 Bxe2 13. Qxe2 O-O 14. Rfd1
Rac8 15. Nb5 Qd5 16. Nc3 Qa5 17. Bf4 Nd5 18. Nxc6 Rxc6 19. Bd2 Rfc8 20. Qh5 Qd8
21. Nxd5 Qxd5 22. Qxd5 exd5 23. Rac1 Rc4 24. Rxc4 Rxc4 25. Be3 f5 26. Kf1 Rc2
27. Rd2 Rc1+ 28. Ke2 Bb4 29. Rd1 Rc2+ 30. Kf3 Rxb2 31. Kf4 Rxa2 32. Rb1 a5 33.
Kxf5 Kf7 34. Ke5 Rc2 35. Kxd5 b5 36. g4 Ke7 37. Bf4 Rc4 38. Bb8 Kd7 39. Ba7 Rc3
40. Bc5 Bxc5 41. dxc5 b4 42. Ra1 Ra3 43. Re1 Rc3 44. Ra1 Ra3 45. Re1 Rd3+ 46.
Kc4 Rc3+ 47. Kd5 b3 48. Kd4 Rc2 49. Ra1 b2 50. Rb1 a4 51. Kd3 Rxf2 52. Kc3 Rf3+
53. Kxb2 Rb3+ 0-1

[Event "CAN-ch"]
[Site "Kitchener CAN"]
[Date "2007.08.03"]
[Round "5"]
[White "Stevens, Christian"]
[Black "Samsonkin, Artiom"]
[Result "1/2-1/2"]
[WhiteElo "2288"]
[BlackElo "2358"]
[PlyCount "69"]
[EventDate "2007.08.01"]
[EventType "swiss"]
[EventRounds "9"]
[EventCountry "CAN"]

1. e4 c5 2. Nf3 d6 3. d4 cxd4 4. Nxd4 Nf6 5. f3 e6 6. c4 Be7 7. Nc3 O-O 8. Be3
a6 9. Be2 Nbd7 10. O-O Qc7 11. Qd2 b6 12. Rfc1 Bb7 13. a4 Rac8 14. a5 Qb8 15.
axb6 Bd8 16. Nb3 Bxb6 17. Bxb6 Nxb6 18. Na5 Ba8 19. b4 Rfd8 20. Kh1 d5 21. exd5
exd5 22. c5 Nc4 23. Nxc4 dxc4 24. Qa2 Qxb4 25. Qxc4 Qxc4 26. Bxc4 Rxc5 27. Bxa6
g5 28. Ne2 Rxc1+ 29. Rxc1 h5 30. Rc8 Rxc8 31. Bxc8 h4 32. Kg1 Kg7 33. Kf2 Nd5
34. g3 hxg3+ 35. hxg3 1/2-1/2

[Event "CAN-ch"]
[Site "Kitchener CAN"]
[Date "2007.08.04"]
[Round "6"]
[White "Samsonkin, Artiom"]
[Black "Thavandiran, Shiyam"]
[Result "1-0"]
[WhiteElo "2358"]
[BlackElo "2269"]
[PlyCount "161"]
[EventDate "2007.08.01"]
[EventType "swiss"]
[EventRounds "9"]
[EventCountry "CAN"]

1. e4 e6 2. d4 d5 3. e5 c5 4. c3 Nc6 5. Nf3 Qb6 6. a3 Nge7 7. Bd3 cxd4 8. cxd4
Nf5 9. Bxf5 exf5 10. O-O Be7 11. Nc3 Be6 12. b4 O-O 13. Qd3 Rac8 14. Be3 h6 15.
Rfc1 Qd8 16. Nd2 Nb8 17. Nb3 Nd7 18. Na5 Rb8 19. Nb5 Qb6 20. Rc2 Rfc8 21. Rac1
Rxc2 22. Rxc2 Qa6 23. Nb3 Nb6 24. Nc5 Bxc5 25. bxc5 Nc4 26. Nd6 b5 27. Rc1 Qxa3
28. Qxa3 Nxa3 29. c6 Nc4 30. c7 Ra8 31. Nxb5 Rc8 32. Nxa7 Rxc7 33. Nb5 Rc8 34.
h4 Kh7 35. h5 Rb8 36. Nd6 Rb3 37. Re1 Rd3 38. g3 Bd7 39. Nxf7 Be8 40. Nd6 Bxh5
41. Nxf5 Bf3 42. e6 Kg8 43. e7 Kf7 44. Bxh6 Be4 45. Bg5 g6 46. Nh6+ Ke8 47. Ng4
Nd6 48. Nf6+ Kf7 49. e8=Q+ Nxe8 50. Nxe4 dxe4 51. Rxe4 Nd6 52. Re7+ Kf8 53. Re6
Nf5 54. Rxg6 Nxd4 55. Kg2 Nc2 56. Re6 Rd1 57. Kh3 Rd5 58. Kg4 Nd4 59. Re4 Kf7
60. f4 Kg6 61. Re1 Ra5 62. Rb1 Ra6 63. Rb4 Nf5 64. Re4 Ng7 65. Re5 Ra4 66. Rb5
Ra3 67. f5+ Nxf5 68. Rb6+ Kh7 69. Kxf5 Rxg3 70. Rb7+ Kg8 71. Kg6 Rf3 72. Rb6
Rf2 73. Rb8+ Rf8 74. Rb7 Rf3 75. Bf6 Rg3+ 76. Kf5 Rf3+ 77. Ke6 Re3+ 78. Be5 Re1
79. Rg7+ Kf8 80. Rh7 Rg1 81. Rc7 1-0